Calculus
Αποθηκεύτηκε σε:
| Κύριος συγγραφέας: | |
|---|---|
| Μορφή: | Βιβλίο |
| Γλώσσα: | English |
| Δημοσίευση: |
New York :
John Wiley,
c1967.
|
| Έκδοση: | 2η εκδ. |
| Θέματα: | |
| Ετικέτες: |
Προσθήκη ετικέτας
Δεν υπάρχουν, Καταχωρήστε ετικέτα πρώτοι!
|
MARC
| LEADER | 00000cam a2200000 i 4500 | ||
|---|---|---|---|
| 001 | 1/24646 | ||
| 008 | 941103s1967 nyu| ||| |||| ||eng|| | ||
| 020 | |a 0471000051 | ||
| 020 | |a 047100006X | ||
| 020 | |a 047000086 | ||
| 035 | |a 1987 |l 10022334 | ||
| 040 | |a GR-MyUa |b gre |e AACR2 | ||
| 041 | 0 | |a eng | |
| 082 | 7 | |a 515 |2 (22) | |
| 100 | 1 | |a Apostol, Tom M. | |
| 245 | 1 | 0 | |a Calculus / |c Tom M. Apostol. |
| 250 | |a 2η εκδ. | ||
| 260 | |a New York : |b John Wiley, |c c1967. | ||
| 300 | |a 2 τ. ; |c 24 εκ. | ||
| 500 | |a Περιλαμβάνει ευρετήριο. | ||
| 505 | 8 | |a Τ. 1. One-variable calculus, with an intoduction to linear algebra -- τ. 2. Multi-Variable calculus and linear algebra, with applications to differential equations and probability. | |
| 650 | 0 | |a Calculus. | |
| 650 | 0 | |a Mathematical analysis. | |
| 650 | 0 | |a Algebras, Linear. | |
| 740 | 0 | |a One-variable calculus, with an introduction to linear algebra. | |
| 740 | 0 | |a Multi-Variable calculus and linear algebra, with applications to differential equations and probability. | |
| 767 | 0 | 8 | |i Μεταφρασμένο ως: |t Διαφορικός και ολοκληρωτικός λογισμός / |
| 852 | |a INST |b CHIOS |e 19960304 |h 515 APO |p 005200003143 |q 005200003143 |t BK |y 0 |z v.1 | ||
| 852 | |a INST |b CHIOS |e 19960304 |h 515 APO |p 005200003143 |q 005200003143 |t BK |v v.1: |y 0 |z v.1 | ||
| 852 | |a INST |b SAMOS |e 19941103 |h 515 APO |p 005300002045 |q 005300002045 |t BK |y 0 |z v.2 | ||
| 852 | |a INST |b SAMOS |e 19970121 |h 515 APO |p 005300002046 |q 005300002046 |t BK |y 0 |z v.1 | ||
| 852 | |a INST |b SAMOS |e 19941103 |h 515 APO |p 005300002045 |q 005300002045 |t BK |v v.2: |y 0 |z v.2 | ||
| 852 | |a INST |b SAMOS |e 19970121 |h 515 APO |p 005300002046 |q 005300002046 |t BK |v v.1: |y 0 |z v.1 | ||
| 853 | |a INST |b CHIOS |h 515 APO | ||
| 853 | |a INST |b SAMOS |h 515 APO | ||